00998nam a2200241 a 450000100100000000500170001000800410002702000180006804000250008608200210011110000340013224500590016626000560022530000270028150000710030859000260037965000280040565000310043391000370046495201190050195201190062099900170073900004420720240412074303.0140609s2007 dr a 000 p spa d a9789945857016 aDO-SdBNPbspacBNPHU aRD861.44bB333de1 aBatista, Julio,d1968-97221213aEl decimero :bdestacando realidades /cJulio Batista. aConstanza, República Dominicana :bOrtega,c2007. a86 p. :bil. ;c21 cm. aIncluye datos biográficos del autor en la solapa de la cubierta. aInventariado, 2018/LP 0aPoesía dominicana966 0aLiteratura dominicana.967 aValidado. Control de calidad MFF 0010718PDaPDbPDcHDd2014-06-09iLF1l0oRD861.44 B333dep44207-10r2020-06-25w2020-06-25yLFPDZNo se presta 0010718PDaPDbPDcHDd2018-03-27iLF1l0oRD861.44 B333dep44207-20r2020-06-25w2020-06-25yLFPDZNo se presta c43696d43696